000 00332nam a2200133Ia 4500
008 231017s9999 xx 000 0 und d
082 _a624.183
082 _bCUR
245 0 _aDesign of Post-Tensioned Brickwork
245 4 _cThe Brick Dept Association
260 _bThe Brick Dept Association
300 _c30cm
942 _cREP
999 _c603871
_d603871